01861ngm a2200373 a 450000500170000000800410001708200200005824500580007825000180013630000500015449000460020450002700025050502680052060000370078865000550082565000570088065000580093765000770099574000160107274000310108874000310111974000330115074000280118374000280121174000330123974000390127294200130131126400250132433600270134933700330137633800280140904000350143799900150147220220317001424.0161108s9999 c g 000 0 spa 04a791.430972bP24 aLas películas de Jorge Negrete hvideodisco digital a1a. ediciòn a6 DVDbsonido, blanco y negro, digitalc12 cm aCine club películas para coleccionistas aResumen: "Jorge Negret: Todavía en nuestros días, más de medio siglo después de su muerte, centenares de sus admiradores acuden el 5 de diciembre de cada año a la tumba de Jorge Negret, a rendirle homenaje en el aniversario d su muerte en 1953. La razón aDVD 1. Gran casino -- DVD 2. Allá en el rancho grande. Los tres alegres compadres -- DVD 3. Si Adelita se fuera con otro -- DVD 4. Me he de comer esa tuna -- DVD 5. Ay Jalisco, no te rajes -- DVD 6. El peñón de las ánimas. El jorobado (Enrique de Lagarde14aNegrete, Jorged1911-1953974191142LEMBaPelìculas musicalesvVideodiscosySiglo XX142LEMBaMusica popular mexicanavVideodiscosyMèxico142LEMBaVida social y costumbresvVideodiscosySiglo XX142LEMBaPelìculas cinematogràficasvVideodiscosxColeccionesySiglo XX02aGran casino02aAllá en el rancho grande02aLos tres alegres compadres02aSi Adelita se fuera con otro02aMe he de comer esa tuna02aAy Jalisco, no te rajes02aEl peñón de las ánimas02aEl jorobado (Enrique de Lagardere) 2ddccDVD aBogotábEjd Movies atextobtxt2rdacontent asin mediaciónbn2rdamedia avolumenbnc2rdacarrier aCO-BoRNBPbspaerdacCO-BoRNBP c6928d6928